00828 2200289 4500001002100000005001500021035002000036007000300056008004100059020002200100082001400122084001600136100001400152245011100166250003900277260003300316300003800349650001800387700002600405700001600431040001700447090001800464850001200482041000800494990001800502990001800520INLIS00000000081722920181115083744 a0010-1018000109ta181005s2016 jbia j 1 ind d a978-602-420-024-404223a741.5 a741.5 JUA m0 aJuan Vito1 aMenembus jantung pertahanan! /ccerita & gambar, Juan Vito, Salman Kuntjoro Jakti; penyunting, Ahmad Mahdi aCetakan I, Rajab 1438 H/April 20163 aBandung :bDar! Mizan,c2016 a120 halaman :bilustrasi ;c19 cm 4aKomik, Bacaan0 aSalman Kuntjoro Jakti0 aAhmad Mahdi aYOPDYOGbind aK 741.5 JUA m aYOPDYOG0 aind a35894-PD/B.18 a35895-PD/B.18